000 00475cam a2200145 4500500
005 20260405001132.0
041 _afre
042 _adc
100 1 0 _aCerf, Juliette
_eauthor
245 0 0 _aHenri Atlan. « Un facteur d’organisation »
260 _c2011.
500 _a18
786 0 _nPhilosophie magazine | 51 | 7 | 2011-07-01 | p. 12-12 | 1951-1787
856 4 1 _uhttps://shs.cairn.info/magazine-philosophie-magazine-2011-7-page-12?lang=fr&redirect-ssocas=7080
999 _c2044441
_d2044441